000 00461nam a22001217a 4500
008 220528b |||||||| |||| 00| 0 eng d
082 _a9789993663478
245 _aSpringshed :Identifying recharge areas of drying springs and lakes with water quality in southwestern bhutan
260 _aThimphu:
_bTarayana Foundation,
_c2022.
300 _avi, 113 p.
_c24 cm.
650 _aAreas of Drying Springs and Lakes with Water Quality in Southwestern Bhuta
942 _2ddc
999 _c8973
_d8974